书目信息 |
| 题名: |
品读中国古典诗歌中的历史
|
|
| 作者: | 董小伟 著 | |
| 分册: | ||
| 出版信息: | 天津 天津大学出版社 2016 |
|
| 页数: | 286页 | |
| 开本: | 26cm | |
| 丛书名: | ||
| 单 册: | ||
| 中图分类: | I207.22 , K207 | |
| 科图分类: | ||
| 主题词: | ||
| 电子资源: | ||
| ISBN: | 978-7-5618-5387-0 | |
| 000 | 00845nam0 22002531 450 | |
| 001 | 0122100641 | |
| 005 | 20170322100641.0 | |
| 010 | @a978-7-5618-5387-0@dCNY56.00 | |
| 100 | @a20160427d2016 em y0chiy50 ea | |
| 101 | 0 | @achi |
| 102 | @aCN@b120000 | |
| 105 | @ay z 000yy | |
| 106 | @ar | |
| 200 | 1 | @a品读中国古典诗歌中的历史@9pin du zhong guo gu dian shi ge zhong de li shi@f董小伟著 |
| 210 | @a天津@c天津大学出版社@d2016 | |
| 215 | @a286页@d26cm | |
| 300 | @a四川省二○一五年科研项目 | |
| 330 | @a本书以时间为线索,选取了先秦、汉魏六朝、唐朝、宋朝、明清几个朝代的百余首描述我国重大、典型历史事件的优秀诗歌加以注释和品读。 | |
| 607 | @a中国@Azhong guo@x古典诗歌@x历史 | |
| 690 | @aI207.22@v5 | |
| 690 | @aK207@v5 | |
| 701 | 0 | @a董小伟@9dong xiao wei@4著 |
| 801 | 0 | @aCN@bTANGWEI@c20170308 |
| 905 | @b0958570-3@dI207.22@e953@f4 | |
| 品读中国古典诗歌中的历史/董小伟著.-天津:天津大学出版社,2016 |
| 286页;26cm |
| 四川省二○一五年科研项目 |
| ISBN 978-7-5618-5387-0:CNY56.00 |
| 本书以时间为线索,选取了先秦、汉魏六朝、唐朝、宋朝、明清几个朝代的百余首描述我国重大、典型历史事件的优秀诗歌加以注释和品读。 |
| ● |
| 相关链接 |
|
|
|
|
正题名:品读中国古典诗歌中的历史
索取号:I207.22/953
 
预约/预借
| 序号 | 登录号 | 条形码 | 馆藏地/架位号 | 状态 | 备注 |
| 1 | 0958570 | 209585705 | 第一样本阅览室/ [索取号:I207.22/953] | 在馆 | |
| 2 | 0958571 | 209585714 | 密集书库-文学院/ [索取号:I207.22/953] | 在馆 | |
| 3 | 0958572 | 209585723 | 第二借阅区/ [索取号:I207.22/953] | 在馆 | |
| 4 | 0958573 | 209585732 | 第二借阅区/ [索取号:I207.22/953] | 在馆 |